[Event "ODJM A 2022"]
[Site "Willingen GER"]
[Date "2022.06.11"]
[Round "9"]
[White "Stelmaszyk, Nico"]
[Black "Kardoeus, David"]
[Result "0-1"]
[Termination "normal"]
[Board "1"]
[WhiteTitle "FM"]
[WhiteElo "2302"]
[BlackElo "2142"]
[WhiteClock "00:16:45"]
[BlackClock "00:16:43"]
[PlyCount "68"]
[WhiteFideId "16200462"]
[BlackFideId "12912050"]
[EventCountry "GER"]
[EventRounds "9"]
[EventType "swiss"]
[EventDate "2022.06.04"]

1. e4 {[%clk 1:30:58]} e5 {[%clk 1:30:32]} 2. Nf3 {[%clk 1:31:24]} Nc6 {[%clk
1:30:23]} 3. Bc4 {[%clk 1:31:50]} Nf6 {[%clk 1:30:03]} 4. d3 {[%clk 1:32:16]}
h6 {[%clk 1:29:18]} 5. Nc3 {[%clk 1:32:38]} d6 {[%clk 1:29:07]} 6. a4 {[%clk
1:29:36]} g6 {[%clk 1:28:12]} 7. h3 {[%clk 1:28:22]} Bg7 {[%clk 1:28:12]} 8.
Be3 {[%clk 1:27:55]} O-O {[%clk 1:16:20]} 9. Qd2 Kh7 {[%clk 1:12:27]} 10. g4
{[%clk 1:23:01]} Ng8 {[%clk 1:02:41]} 11. O-O-O {[%clk 1:19:10]} Nd4 {[%clk
0:49:29]} 12. Bxd4 {[%clk 1:17:30]} exd4 {[%clk 0:49:51]} 13. Ne2 {[%clk
1:17:27]} c6 {[%clk 0:40:14]} 14. Nfxd4 {[%clk 1:12:45]} c5 {[%clk 0:39:09]}
15. Nb3 {[%clk 1:10:15]} a6 {[%clk 0:37:11]} 16. a5 {[%clk 1:04:11]} b5 {[%clk
0:36:47]} 17. axb6 {[%clk 1:04:17]} a5 {[%clk 0:35:09]} 18. Bd5 {[%clk
1:00:36]} Ra6 {[%clk 0:28:31]} 19. b7 {[%clk 0:55:35]} Be6 {[%clk 0:24:15]} 20.
d4 {[%clk 0:31:24]} a4 {[%clk 0:23:30]} 21. Na1 {[%clk 0:29:40]} Bxd5 {[%clk
0:23:54]} 22. exd5 {[%clk 0:29:40]} Qb6 {[%clk 0:23:53]} 23. c3 {[%clk
0:28:35]} cxd4 {[%clk 0:18:36]} 24. Nxd4 {[%clk 0:28:12]} a3 {[%clk 0:18:14]}
25. b3 {[%clk 0:27:09]} Nf6 {[%clk 0:18:26]} 26. c4 {[%clk 0:22:12]} Qxb7
{[%clk 0:16:33]} 27. Rhe1 {[%clk 0:18:12]} Rc8 {[%clk 0:16:56]} 28. Ndc2 {[%clk
0:18:01]} Rxc4 {[%clk 0:16:52]} 29. Qd3 {[%clk 0:17:30]} Rc5 {[%clk 0:15:16]}
30. Re7 {[%clk 0:15:54]} Qxe7 {[%clk 0:15:34]} 31. Qxa6 {[%clk 0:16:18]} Nxd5
{[%clk 0:15:55]} 32. Qxa3 {[%clk 0:16:36]} Qg5+ {[%clk 0:16:20]} 33. Rd2 {[%clk
0:16:19]} Bc3 {[%clk 0:16:43]} 34. Kd1 {[%clk 0:16:45]} Qxd2# 0-1

[Event "ODJM A 2022"]
[Site "Willingen GER"]
[Date "2022.06.11"]
[Round "9"]
[White "Meiwes, Thore"]
[Black "Gallasch, Jonas"]
[Result "1/2-1/2"]
[Termination "normal"]
[Board "2"]
[WhiteElo "2079"]
[BlackElo "2060"]
[WhiteClock "00:19:28"]
[BlackClock "00:09:40"]
[PlyCount "159"]
[WhiteFideId "16201256"]
[BlackFideId "16222474"]
[EventCountry "GER"]
[EventRounds "9"]
[EventType "swiss"]
[EventDate "2022.06.04"]

1. d4 {[%clk 1:30:58]} Nf6 {[%clk 1:30:53]} 2. Bf4 {[%clk 1:31:23]} d5 {[%clk
1:31:17]} 3. e3 {[%clk 1:31:47]} c5 {[%clk 1:31:42]} 4. c3 {[%clk 1:28:37]} Nc6
{[%clk 1:32:06]} 5. Nd2 {[%clk 1:29:03]} Bf5 {[%clk 1:32:29]} 6. Ngf3 {[%clk
1:29:01]} e6 {[%clk 1:32:33]} 7. Qb3 {[%clk 1:29:20]} Qc8 {[%clk 1:32:56]} 8.
Nh4 {[%clk 1:29:22]} c4 {[%clk 1:31:55]} 9. Qd1 {[%clk 1:29:03]} Be7 {[%clk
1:31:58]} 10. Nxf5 {[%clk 1:28:04]} exf5 {[%clk 1:32:01]} 11. a4 {[%clk
1:25:05]} Na5 {[%clk 1:20:25]} 12. Be2 {[%clk 1:13:40]} O-O {[%clk 1:14:38]}
13. Bg5 {[%clk 1:11:32]} Qc7 {[%clk 1:06:55]} 14. Bxf6 {[%clk 1:11:20]} Bxf6
{[%clk 1:07:20]} 15. Bf3 {[%clk 1:11:01]} Qc6 {[%clk 1:01:20]} 16. Qc2 {[%clk
1:10:52]} g6 {[%clk 1:01:35]} 17. O-O {[%clk 1:08:57]} Rfc8 {[%clk 0:57:15]}
18. Rfc1 {[%clk 1:07:16]} Rab8 {[%clk 0:54:55]} 19. b4 {[%clk 1:06:30]} cxb3
{[%clk 0:55:07]} 20. Nxb3 {[%clk 1:06:57]} Nc4 {[%clk 0:53:05]} 21. Nd2 {[%clk
1:06:24]} Rc7 {[%clk 0:44:37]} 22. Nxc4 {[%clk 1:05:45]} Qxc4 {[%clk 0:45:01]}
23. Qa2 {[%clk 1:04:16]} Rd8 {[%clk 0:42:40]} 24. g3 {[%clk 1:02:35]} Be7
{[%clk 0:29:12]} 25. a5 {[%clk 0:57:46]} Qxa2 {[%clk 0:21:24]} 26. Rxa2 {[%clk
0:51:54]} Bb4 {[%clk 0:20:18]} 27. Rb1 {[%clk 0:51:51]} Bxc3 {[%clk 0:20:37]}
28. Rb5 {[%clk 0:52:09]} Rd6 {[%clk 0:18:28]} 29. Bxd5 {[%clk 0:48:30]} b6
{[%clk 0:16:21]} 30. axb6 {[%clk 0:46:20]} Rxb6 {[%clk 0:14:26]} 31. Rxa7
{[%clk 0:42:55]} Rxa7 {[%clk 0:13:31]} 32. Rxb6 {[%clk 0:43:11]} Kf8 {[%clk
0:10:06]} 33. Rc6 {[%clk 0:41:19]} Ba5 {[%clk 0:08:39]} 34. Kg2 {[%clk
0:41:00]} Rc7 {[%clk 0:07:00]} 35. Ra6 {[%clk 0:40:39]} Be1 {[%clk 0:06:45]}
36. Ra1 {[%clk 0:41:00]} Bb4 {[%clk 0:06:43]} 37. Ra4 {[%clk 0:40:11]} Bd6
{[%clk 0:05:33]} 38. h4 {[%clk 0:40:15]} Rc3 {[%clk 0:03:03]} 39. Ra8+ {[%clk
0:39:19]} Kg7 {[%clk 0:03:20]} 40. Rd8 {[%clk 0:39:32]} Be7 {[%clk 0:03:17]}
41. Rd7 {[%clk 0:39:12]} Kf8 {[%clk 0:03:29]} 42. Ra7 {[%clk 0:33:25]} h6
{[%clk 0:28:08]} 43. Rb7 {[%clk 1:01:01]} Rc2 {[%clk 0:22:02]} 44. Kf3 {[%clk
0:59:16]} Rd2 {[%clk 0:21:21]} 45. h5 {[%clk 0:54:33]} g5 {[%clk 0:20:43]} 46.
Ra7 {[%clk 0:48:01]} f4 {[%clk 0:18:49]} 47. g4 {[%clk 0:48:06]} fxe3 {[%clk
0:18:03]} 48. fxe3 {[%clk 0:48:31]} Rc2 {[%clk 0:12:51]} 49. Ba2 {[%clk
0:47:16]} Rc3 {[%clk 0:12:55]} 50. Ke4 {[%clk 0:44:39]} Ra3 {[%clk 0:09:08]}
51. Rxa3 {[%clk 0:45:06]} Bxa3 {[%clk 0:09:32]} 52. Kf5 {[%clk 0:44:52]} Ke7
{[%clk 0:04:26]} 53. Ke5 {[%clk 0:36:01]} Bb2 {[%clk 0:04:11]} 54. Bb3 {[%clk
0:35:39]} Bc3 {[%clk 0:03:49]} 55. Kd5 {[%clk 0:32:42]} Bb2 {[%clk 0:03:59]}
56. e4 {[%clk 0:28:52]} f6 {[%clk 0:03:06]} 57. e5 {[%clk 0:28:34]} fxe5 {[%clk
0:03:33]} 58. dxe5 {[%clk 0:29:01]} Kf8 {[%clk 0:03:14]} 59. Ke6 {[%clk
0:25:09]} Kg7 {[%clk 0:03:41]} 60. Kd6 {[%clk 0:23:05]} Ba3+ {[%clk 0:04:05]}
61. Kd7 {[%clk 0:22:50]} Bb4 {[%clk 0:04:32]} 62. Ke8 {[%clk 0:20:20]} Ba3
{[%clk 0:04:52]} 63. Kd7 {[%clk 0:17:39]} Bb4 {[%clk 0:05:21]} 64. Ke6 {[%clk
0:17:54]} Ba3 {[%clk 0:05:42]} 65. Kf5 {[%clk 0:18:02]} Bb4 {[%clk 0:06:06]}
66. e6 {[%clk 0:18:18]} Bd6 {[%clk 0:06:28]} 67. Ke4 {[%clk 0:18:22]} Bb4
{[%clk 0:06:35]} 68. Ke5 {[%clk 0:18:40]} Ba3 {[%clk 0:06:48]} 69. Bc4 {[%clk
0:18:37]} Bb4 {[%clk 0:07:09]} 70. Bd3 {[%clk 0:18:41]} Ba3 {[%clk 0:06:29]}
71. Bg6 {[%clk 0:19:01]} Bb4 {[%clk 0:06:54]} 72. Bf5 {[%clk 0:19:09]} Ba3
{[%clk 0:07:20]} 73. Kd5 {[%clk 0:19:34]} Bb4 {[%clk 0:07:43]} 74. Kc6 {[%clk
0:19:58]} Ba3 {[%clk 0:08:07]} 75. Kc7 {[%clk 0:20:01]} Bb4 {[%clk 0:08:16]}
76. Kd8 {[%clk 0:20:15]} Kf6 {[%clk 0:08:36]} 77. Ke8 {[%clk 0:20:35]} Ba3
{[%clk 0:09:01]} 78. Kd8 {[%clk 0:20:21]} Bb4 {[%clk 0:09:15]} 79. Kd7 {[%clk
0:20:44]} Ba3 {[%clk 0:09:40]} 80. Ke8 {[%clk 0:19:28]} 1/2-1/2

[Event "ODJM A 2022"]
[Site "Willingen GER"]
[Date "2022.06.11"]
[Round "9"]
[White "Hofmann, Lorenz"]
[Black "Wensing, Maximilian"]
[Result "1-0"]
[Termination "normal"]
[Board "4"]
[WhiteElo "2056"]
[BlackElo "2063"]
[WhiteClock "00:13:23"]
[BlackClock "00:39:09"]
[PlyCount "101"]
[WhiteFideId "12995509"]
[BlackFideId "16222415"]
[EventCountry "GER"]
[EventRounds "9"]
[EventType "swiss"]
[EventDate "2022.06.04"]

1. d4 {[%clk 1:30:59]} Nf6 {[%clk 1:30:47]} 2. c4 {[%clk 1:31:25]} g6 {[%clk
1:31:04]} 3. f3 {[%clk 1:31:52]} c5 {[%clk 1:30:02]} 4. d5 {[%clk 1:32:17]} e6
{[%clk 1:29:14]} 5. e4 {[%clk 1:32:42]} d6 {[%clk 1:29:26]} 6. Nc3 {[%clk
1:33:03]} exd5 {[%clk 1:29:46]} 7. cxd5 {[%clk 1:33:26]} Bg7 {[%clk 1:29:49]}
8. Be3 {[%clk 1:33:23]} O-O {[%clk 1:29:42]} 9. Qd2 {[%clk 1:33:10]} a6 {[%clk
1:25:18]} 10. a4 {[%clk 1:33:35]} Re8 {[%clk 1:23:05]} 11. Bd3 {[%clk 1:26:44]}
Nbd7 {[%clk 1:20:36]} 12. Nh3 {[%clk 1:26:27]} Ne5 {[%clk 1:19:38]} 13. Nf2
{[%clk 1:26:36]} Nxd3+ {[%clk 1:19:45]} 14. Qxd3 {[%clk 1:24:06]} Bd7 {[%clk
1:17:59]} 15. a5 {[%clk 1:15:05]} b5 {[%clk 1:16:03]} 16. axb6 {[%clk 1:13:49]}
Qxb6 {[%clk 1:16:25]} 17. Rb1 {[%clk 1:12:05]} a5 {[%clk 1:11:34]} 18. g4
{[%clk 0:56:02]} Bc8 {[%clk 1:07:05]} 19. h4 {[%clk 0:44:12]} Ba6 {[%clk
1:05:01]} 20. Qd2 {[%clk 0:42:28]} Nd7 {[%clk 1:01:21]} 21. f4 {[%clk 0:36:07]}
Qb3 {[%clk 0:58:45]} 22. Nfd1 {[%clk 0:30:42]} Nb6 {[%clk 0:56:44]} 23. h5
{[%clk 0:20:07]} Nc4 {[%clk 0:53:31]} 24. Qf2 {[%clk 0:20:14]} Nxe3 {[%clk
0:53:41]} 25. Qxe3 {[%clk 0:20:22]} Qb4 {[%clk 0:30:39]} 26. hxg6 {[%clk
0:18:13]} hxg6 {[%clk 0:30:49]} 27. f5 {[%clk 0:13:55]} Ra7 {[%clk 0:29:20]}
28. Nf2 {[%clk 0:08:13]} Rae7 {[%clk 0:24:39]} 29. Kd2 {[%clk 0:06:45]} Rxe4
{[%clk 0:23:57]} 30. Nfxe4 {[%clk 0:07:01]} Rxe4 {[%clk 0:24:26]} 31. Qxe4
{[%clk 0:05:37]} Bxc3+ {[%clk 0:24:48]} 32. Ke3 {[%clk 0:06:01]} Bd4+ {[%clk
0:23:04]} 33. Kf3 {[%clk 0:05:30]} Qb3+ {[%clk 0:23:12]} 34. Kg2 {[%clk
0:05:29]} Be5 {[%clk 0:22:52]} 35. Rh3 {[%clk 0:05:48]} Qc4 {[%clk 0:18:07]}
36. Qxc4 {[%clk 0:02:59]} Bxc4 {[%clk 0:18:36]} 37. Rd1 {[%clk 0:03:12]} Be2
{[%clk 0:18:45]} 38. Re1 {[%clk 0:02:25]} Bxg4 {[%clk 0:19:13]} 39. Rhe3 {[%clk
0:02:54]} Bd4 {[%clk 0:15:12]} 40. fxg6 {[%clk 0:02:43]} Bxe3 {[%clk 0:15:22]}
41. gxf7+ {[%clk 0:02:54]} Kxf7 {[%clk 0:15:43]} 42. Rxe3 {[%clk 0:02:46]} a4
{[%clk 0:15:21]} 43. Kg3 {[%clk 0:23:09]} Bc8 {[%clk 0:43:37]} 44. Kf4 {[%clk
0:22:51]} Kf6 {[%clk 0:43:16]} 45. Re1 {[%clk 0:19:54]} Bh3 {[%clk 0:42:52]}
46. Re2 {[%clk 0:19:10]} Bc8 {[%clk 0:39:31]} 47. Re8 {[%clk 0:14:07]} Bh3
{[%clk 0:39:47]} 48. Re2 {[%clk 0:13:24]} Bc8 {[%clk 0:40:09]} 49. Rh2 {[%clk
0:13:42]} Bf5 {[%clk 0:38:58]} 50. Rh8 {[%clk 0:13:09]} Bc2 {[%clk 0:39:09]}
51. Re8 {[%clk 0:13:23]} 1-0

[Event "ODJM A 2022"]
[Site "Willingen GER"]
[Date "2022.06.11"]
[Round "9"]
[White "Brinkmann, Fabian"]
[Black "Dornieden, Jonas"]
[Result "1-0"]
[Termination "normal"]
[Board "5"]
[WhiteElo "2126"]
[BlackElo "2069"]
[WhiteClock "00:38:46"]
[BlackClock "00:08:46"]
[PlyCount "65"]
[WhiteFideId "24661414"]
[BlackFideId "1336460"]
[EventCountry "GER"]
[EventRounds "9"]
[EventType "swiss"]
[EventDate "2022.06.04"]

1. Nc3 {[%clk 1:30:55]} d5 {[%clk 1:25:48]} 2. e4 {[%clk 1:31:20]} d4 {[%clk
1:23:49]} 3. Nce2 {[%clk 1:31:42]} e5 {[%clk 1:21:13]} 4. Ng3 {[%clk 1:32:06]}
Bd6 {[%clk 1:20:12]} 5. Nf3 {[%clk 1:32:24]} Be6 {[%clk 1:17:50]} 6. c3 {[%clk
1:31:59]} c5 {[%clk 1:14:28]} 7. Bb5+ {[%clk 1:32:22]} Nd7 {[%clk 1:13:34]} 8.
b4 {[%clk 1:31:25]} Qb6 {[%clk 1:09:11]} 9. bxc5 {[%clk 1:26:33]} Qxb5 {[%clk
1:04:28]} 10. cxd6 {[%clk 1:26:55]} dxc3 {[%clk 1:03:11]} 11. d4 {[%clk
1:15:48]} Bc4 {[%clk 0:48:01]} 12. Qc2 {[%clk 1:12:45]} exd4 {[%clk 0:42:38]}
13. Nxd4 {[%clk 1:10:46]} Qb4 {[%clk 0:42:32]} 14. Nde2 {[%clk 1:00:46]} Bxe2
{[%clk 0:38:59]} 15. Nxe2 {[%clk 0:57:01]} Rc8 {[%clk 0:37:48]} 16. O-O {[%clk
0:54:51]} Ngf6 {[%clk 0:36:24]} 17. Ng3 {[%clk 0:51:40]} O-O {[%clk 0:34:26]}
18. Rd1 {[%clk 0:49:41]} b5 {[%clk 0:31:43]} 19. Be3 {[%clk 0:45:45]} a5 {[%clk
0:25:29]} 20. Rab1 {[%clk 0:44:03]} Qa4 {[%clk 0:21:12]} 21. Qxa4 {[%clk
0:43:51]} bxa4 {[%clk 0:21:38]} 22. Rbc1 {[%clk 0:43:44]} Ne5 {[%clk 0:20:15]}
23. Bd4 {[%clk 0:40:45]} c2 {[%clk 0:18:10]} 24. Rd2 {[%clk 0:37:39]} Nc4
{[%clk 0:18:30]} 25. Rdxc2 {[%clk 0:38:04]} Nxd6 {[%clk 0:16:43]} 26. e5 {[%clk
0:38:15]} Rxc2 {[%clk 0:16:15]} 27. Rxc2 {[%clk 0:38:44]} Nb5 {[%clk 0:13:00]}
28. Bc5 {[%clk 0:39:08]} Nd5 {[%clk 0:08:22]} 29. Bxf8 {[%clk 0:39:17]} Kxf8
{[%clk 0:08:46]} 30. Rc5 {[%clk 0:38:47]} Ndc3 {[%clk 0:09:07]} 31. Kf1 {[%clk
0:38:38]} g6 {[%clk 0:08:37]} 32. Ne2 {[%clk 0:38:34]} Nxe2 {[%clk 0:08:46]}
33. Kxe2 {[%clk 0:38:46]} 1-0

[Event "ODJM A 2022"]
[Site "Willingen GER"]
[Date "2022.06.11"]
[Round "9"]
[White "Koll, Linus"]
[Black "Kotyk, Michael"]
[Result "0-1"]
[Termination "normal"]
[Board "8"]
[WhiteElo "1989"]
[BlackElo "2197"]
[WhiteClock "00:03:33"]
[BlackClock "00:32:15"]
[PlyCount "60"]
[WhiteFideId "12990299"]
[BlackFideId "16214501"]
[EventCountry "GER"]
[EventRounds "9"]
[EventType "swiss"]
[EventDate "2022.06.04"]

1. e4 {[%clk 1:30:59]} e5 {[%clk 1:30:55]} 2. Nf3 {[%clk 1:31:26]} Nc6 {[%clk
1:31:19]} 3. Bc4 {[%clk 1:31:53]} Bc5 {[%clk 1:31:44]} 4. c3 {[%clk 1:32:18]}
Nf6 {[%clk 1:32:10]} 5. d4 {[%clk 1:32:43]} exd4 {[%clk 1:32:35]} 6. e5 {[%clk
1:32:30]} d5 {[%clk 1:32:59]} 7. Bb5 {[%clk 1:32:56]} Ne4 {[%clk 1:33:26]} 8.
cxd4 {[%clk 1:33:21]} Bb6 {[%clk 1:33:52]} 9. Nc3 {[%clk 1:33:38]} Bg4 {[%clk
1:34:11]} 10. Be3 {[%clk 1:34:01]} O-O {[%clk 1:33:28]} 11. h3 {[%clk 1:32:47]}
Bh5 {[%clk 1:33:52]} 12. Qc2 {[%clk 1:26:26]} Ba5 {[%clk 1:31:21]} 13. O-O
{[%clk 1:23:08]} Bxf3 {[%clk 1:29:20]} 14. gxf3 {[%clk 1:23:31]} Ng5 {[%clk
1:29:44]} 15. Qf5 {[%clk 1:20:06]} Ne6 {[%clk 1:28:34]} 16. Bxc6 {[%clk
0:57:10]} bxc6 {[%clk 1:29:02]} 17. Ne2 {[%clk 0:55:17]} Rb8 {[%clk 1:18:39]}
18. Ng3 {[%clk 0:39:21]} g6 {[%clk 1:13:41]} 19. Qg4 {[%clk 0:39:32]} f5 {[%clk
1:13:49]} 20. exf6 {[%clk 0:38:10]} Qxf6 {[%clk 1:14:11]} 21. Rac1 {[%clk
0:31:06]} Nf4 {[%clk 1:06:26]} 22. Bxf4 {[%clk 0:29:57]} Qxf4 {[%clk 1:06:09]}
23. Qe6+ {[%clk 0:29:36]} Rf7 {[%clk 1:04:23]} 24. Rxc6 {[%clk 0:25:49]} Qxd4
{[%clk 0:47:56]} 25. a3 {[%clk 0:13:22]} Bb6 {[%clk 0:41:36]} 26. Rcc1 {[%clk
0:08:04]} Qf4 {[%clk 0:39:48]} 27. Kh2 {[%clk 0:06:44]} Bxf2 {[%clk 0:35:58]}
28. Rxf2 {[%clk 0:06:53]} Qxc1 {[%clk 0:36:22]} 29. f4 {[%clk 0:06:39]} Qc5
{[%clk 0:33:58]} 30. Qe2 {[%clk 0:03:33]} Qd6 {[%clk 0:32:15]} 0-1

[Event "ODJM A 2022"]
[Site "Willingen GER"]
[Date "2022.06.11"]
[Round "9"]
[White "Nguyen, Phuc Nhat"]
[Black "Köhler, Lukas"]
[Result "1/2-1/2"]
[Termination "normal"]
[Board "9"]
[WhiteElo "1839"]
[BlackElo "2099"]
[WhiteClock "00:33:21"]
[BlackClock "00:12:39"]
[PlyCount "43"]
[WhiteFideId "16253590"]
[BlackFideId "16221990"]
[EventCountry "GER"]
[EventRounds "9"]
[EventType "swiss"]
[EventDate "2022.06.04"]

1. e4 {[%clk 1:30:59]} c5 {[%clk 1:30:46]} 2. Nf3 {[%clk 1:31:21]} g6 {[%clk
1:31:04]} 3. d4 {[%clk 1:31:36]} cxd4 {[%clk 1:31:28]} 4. Nxd4 {[%clk 1:31:56]}
Bg7 {[%clk 1:31:49]} 5. c4 {[%clk 1:28:35]} Nc6 {[%clk 1:32:01]} 6. Be3 {[%clk
1:27:09]} Nf6 {[%clk 1:30:38]} 7. Nc3 {[%clk 1:27:29]} d6 {[%clk 1:30:41]} 8.
Be2 {[%clk 1:25:43]} O-O {[%clk 1:30:17]} 9. Nc2 {[%clk 1:22:58]} a5 {[%clk
1:16:26]} 10. O-O {[%clk 1:18:31]} Bd7 {[%clk 1:02:20]} 11. f3 {[%clk 1:09:45]}
Nb4 {[%clk 0:58:17]} 12. Nd4 {[%clk 1:06:07]} Na6 {[%clk 0:52:42]} 13. Qd2
{[%clk 1:02:21]} Nc5 {[%clk 0:44:50]} 14. b3 {[%clk 0:55:41]} Ne8 {[%clk
0:38:06]} 15. Rac1 {[%clk 0:53:12]} Nc7 {[%clk 0:36:55]} 16. Rfd1 {[%clk
0:52:47]} Kh8 {[%clk 0:28:43]} 17. Nc2 {[%clk 0:44:15]} N7a6 {[%clk 0:23:44]}
18. Nd5 {[%clk 0:41:58]} Bc6 {[%clk 0:22:53]} 19. Bd4 {[%clk 0:37:00]} Bxd5
{[%clk 0:16:36]} 20. Bxg7+ {[%clk 0:36:57]} Kxg7 {[%clk 0:16:49]} 21. cxd5
{[%clk 0:37:04]} Nc7 {[%clk 0:12:39]} 22. Ne3 {[%clk 0:33:21]} 1/2-1/2

[Event "ODJM A 2022"]
[Site "Willingen GER"]
[Date "2022.06.11"]
[Round "9"]
[White "Gerlach, Felix"]
[Black "Irkilmez, Yakub"]
[Result "1/2-1/2"]
[Termination "normal"]
[Board "10"]
[WhiteElo "2072"]
[BlackElo "2169"]
[WhiteClock "01:03:32"]
[BlackClock "00:30:47"]
[PlyCount "42"]
[WhiteFideId "12957690"]
[BlackFideId "16204581"]
[EventCountry "GER"]
[EventRounds "9"]
[EventType "swiss"]
[EventDate "2022.06.04"]

1. d4 {[%clk 1:30:56]} d5 {[%clk 1:01:48]} 2. Bf4 {[%clk 1:31:13]} Bf5 {[%clk
1:02:06]} 3. c4 {[%clk 1:31:32]} e6 {[%clk 1:01:28]} 4. Nc3 {[%clk 1:26:37]} c6
{[%clk 0:57:43]} 5. e3 {[%clk 1:25:23]} Nf6 {[%clk 0:54:42]} 6. Nf3 {[%clk
1:24:11]} Bd6 {[%clk 0:54:53]} 7. Bxd6 {[%clk 1:24:01]} Qxd6 {[%clk 0:55:13]}
8. Bd3 {[%clk 1:24:12]} Bxd3 {[%clk 0:54:41]} 9. Qxd3 {[%clk 1:24:05]} O-O
{[%clk 0:54:22]} 10. O-O {[%clk 1:22:05]} Nbd7 {[%clk 0:50:31]} 11. h3 {[%clk
1:20:28]} Rfe8 {[%clk 0:49:15]} 12. Rfd1 {[%clk 1:13:04]} Rad8 {[%clk 0:42:48]}
13. Rac1 {[%clk 1:10:57]} dxc4 {[%clk 0:39:57]} 14. Qxc4 {[%clk 1:09:47]} Nd5
{[%clk 0:34:35]} 15. Nxd5 {[%clk 1:05:02]} exd5 {[%clk 0:33:56]} 16. Qb3 {[%clk
1:05:22]} Nb6 {[%clk 0:33:08]} 17. Ne5 {[%clk 1:02:41]} Qe7 {[%clk 0:32:18]}
18. Nd3 {[%clk 1:03:00]} Nc4 {[%clk 0:31:15]} 19. Qc2 {[%clk 1:03:11]} h6
{[%clk 0:31:10]} 20. b4 {[%clk 1:03:19]} a6 {[%clk 0:30:48]} 21. a4 {[%clk
1:03:32]} Nd6 {[%clk 0:30:47]} 1/2-1/2

[Event "ODJM A 2022"]
[Site "Willingen GER"]
[Date "2022.06.11"]
[Round "9"]
[White "Metzinger, Hannes"]
[Black "Brunner, Tobias"]
[Result "1-0"]
[Termination "normal"]
[Board "11"]
[WhiteElo "1845"]
[BlackElo "2007"]
[WhiteClock "00:28:12"]
[BlackClock "00:19:56"]
[PlyCount "85"]
[WhiteFideId "16239350"]
[BlackFideId "12949833"]
[EventCountry "GER"]
[EventRounds "9"]
[EventType "swiss"]
[EventDate "2022.06.04"]

1. e4 {[%clk 1:30:57]} d5 {[%clk 1:30:35]} 2. exd5 {[%clk 1:31:22]} Qxd5 {[%clk
1:30:59]} 3. Nc3 {[%clk 1:31:44]} Qd6 {[%clk 1:31:25]} 4. d4 {[%clk 1:32:10]}
Nf6 {[%clk 1:31:42]} 5. Nf3 {[%clk 1:32:37]} Bg4 {[%clk 1:32:06]} 6. h3 {[%clk
1:33:02]} Bxf3 {[%clk 1:32:30]} 7. Qxf3 {[%clk 1:33:23]} c6 {[%clk 1:32:55]} 8.
Be3 {[%clk 1:21:39]} e6 {[%clk 1:25:40]} 9. O-O-O {[%clk 1:19:31]} Qc7 {[%clk
1:25:09]} 10. Bc4 {[%clk 1:15:48]} Nbd7 {[%clk 1:22:35]} 11. g4 {[%clk
1:05:19]} Nb6 {[%clk 1:20:38]} 12. Bb3 {[%clk 1:05:02]} Nbd5 {[%clk 1:20:58]}
13. Nxd5 {[%clk 1:03:43]} Nxd5 {[%clk 1:17:19]} 14. Bd2 {[%clk 1:04:06]} a5
{[%clk 1:11:33]} 15. Rhe1 {[%clk 1:00:02]} Be7 {[%clk 1:10:50]} 16. c4 {[%clk
1:00:18]} Nb4 {[%clk 1:09:09]} 17. a3 {[%clk 0:58:57]} Na6 {[%clk 1:06:43]} 18.
Bf4 {[%clk 0:58:06]} Qc8 {[%clk 1:00:50]} 19. Be5 {[%clk 0:57:23]} O-O {[%clk
1:01:04]} 20. Qd3 {[%clk 0:56:47]} Qd8 {[%clk 0:54:06]} 21. h4 {[%clk 0:54:36]}
Bf6 {[%clk 0:52:24]} 22. Bc2 {[%clk 0:53:34]} g6 {[%clk 0:52:45]} 23. h5 {[%clk
0:53:56]} Bxe5 {[%clk 0:53:06]} 24. Rxe5 {[%clk 0:54:21]} Qf6 {[%clk 0:52:52]}
25. Qe3 {[%clk 0:52:31]} Nc7 {[%clk 0:50:00]} 26. g5 {[%clk 0:51:29]} Qe7
{[%clk 0:50:21]} 27. Rh1 {[%clk 0:48:57]} Rad8 {[%clk 0:45:31]} 28. Re4 {[%clk
0:42:53]} Rd7 {[%clk 0:32:16]} 29. Reh4 {[%clk 0:38:42]} c5 {[%clk 0:25:50]}
30. hxg6 {[%clk 0:36:45]} fxg6 {[%clk 0:23:40]} 31. Bxg6 {[%clk 0:35:32]} cxd4
{[%clk 0:23:17]} 32. Qe5 {[%clk 0:32:05]} hxg6 {[%clk 0:20:39]} 33. Rh8+ {[%clk
0:32:18]} Kf7 {[%clk 0:21:01]} 34. R1h7+ {[%clk 0:29:53]} Ke8 {[%clk 0:21:26]}
35. Rxe7+ {[%clk 0:30:07]} Rxe7 {[%clk 0:21:14]} 36. Rxf8+ {[%clk 0:30:31]}
Kxf8 {[%clk 0:21:38]} 37. Qh8+ {[%clk 0:30:57]} Kf7 {[%clk 0:21:57]} 38. Qf6+
{[%clk 0:31:21]} Ke8 {[%clk 0:22:21]} 39. Qxg6+ {[%clk 0:31:46]} Kd7 {[%clk
0:22:39]} 40. Qe4 {[%clk 0:32:10]} e5 {[%clk 0:22:32]} 41. f3 {[%clk 0:30:56]}
b6 {[%clk 0:20:51]} 42. g6 {[%clk 0:30:50]} Kd6 {[%clk 0:19:56]} 43. f4 {[%clk
0:28:12]} 1-0

[Event "ODJM A 2022"]
[Site "Willingen GER"]
[Date "2022.06.11"]
[Round "9"]
[White "Kruse, Victor"]
[Black "Garbuz, Vitaly"]
[Result "0-1"]
[Termination "normal"]
[Board "12"]
[WhiteElo "1733"]
[BlackElo "2134"]
[WhiteClock "00:00:34"]
[BlackClock "00:12:54"]
[PlyCount "54"]
[WhiteFideId "16256964"]
[BlackFideId "12990710"]
[EventCountry "GER"]
[EventRounds "9"]
[EventType "swiss"]
[EventDate "2022.06.04"]

1. Nf3 {[%clk 1:30:56]} d5 {[%clk 1:05:12]} 2. b3 {[%clk 1:31:20]} Nf6 {[%clk
1:05:31]} 3. Bb2 {[%clk 1:31:17]} e6 {[%clk 1:05:52]} 4. e3 {[%clk 1:31:39]}
Be7 {[%clk 1:06:17]} 5. c4 {[%clk 1:31:44]} O-O {[%clk 1:06:34]} 6. Qc2 {[%clk
1:29:09]} b6 {[%clk 1:06:54]} 7. Be2 {[%clk 1:22:32]} Bb7 {[%clk 1:07:18]} 8.
O-O {[%clk 1:22:45]} Nbd7 {[%clk 1:07:44]} 9. Nc3 {[%clk 1:21:39]} c5 {[%clk
1:07:02]} 10. Rac1 {[%clk 1:19:58]} Rc8 {[%clk 1:07:13]} 11. Rfd1 {[%clk
1:18:53]} Qc7 {[%clk 1:06:38]} 12. d4 {[%clk 1:10:31]} cxd4 {[%clk 1:04:48]}
13. exd4 {[%clk 1:09:14]} dxc4 {[%clk 1:02:24]} 14. bxc4 {[%clk 1:09:34]} Bxf3
{[%clk 1:02:20]} 15. gxf3 {[%clk 1:00:21]} Qf4 {[%clk 0:59:43]} 16. Ne4 {[%clk
0:56:35]} Qh4 {[%clk 1:00:03]} 17. Ng3 {[%clk 0:49:50]} Rc7 {[%clk 0:56:46]}
18. d5 {[%clk 0:41:25]} Bc5 {[%clk 0:53:24]} 19. Bf1 {[%clk 0:30:01]} Qf4
{[%clk 0:44:11]} 20. Qd3 {[%clk 0:17:39]} exd5 {[%clk 0:38:22]} 21. cxd5 {[%clk
0:17:15]} Ng4 {[%clk 0:38:48]} 22. Kg2 {[%clk 0:05:53]} Nxf2 {[%clk 0:37:16]}
23. Qc3 {[%clk 0:06:13]} Nf6 {[%clk 0:35:27]} 24. Qe5 {[%clk 0:00:47]} Qh6
{[%clk 0:15:18]} 25. Rxc5 {[%clk 0:00:36]} Rxc5 {[%clk 0:15:42]} 26. Re1 Rc2
{[%clk 0:13:24]} 27. Re2 {[%clk 0:00:34]} Nd3 {[%clk 0:12:54]} 0-1